Music workbook : (Record no. 125811)
[ view plain ]
| 000 -LEADER | |
|---|---|
| fixed length control field | 00933cam a2200301 a 4500 |
| 001 - CONTROL NUMBER | |
| control field | 14246672 |
| 003 - CONTROL NUMBER IDENTIFIER | |
| control field | ARRUPE |
| 005 - DATE AND TIME OF LATEST TRANSACTION | |
| control field | 20161129120209.0 |
| 008 - FIXED-LENGTH DATA ELEMENTS--GENERAL INFORMATION | |
| fixed length control field | 060130s2003 rh a 001 0deng d |
| 010 ## - LIBRARY OF CONGRESS CONTROL NUMBER | |
| LC control number | 2006305047 |
| 020 ## - INTERNATIONAL STANDARD BOOK NUMBER | |
| Cancelled/invalid ISBN | 1779051388 |
| 035 ## - SYSTEM CONTROL NUMBER | |
| System control number | (CStRLIN)CSUGA5814639-B |
| 035 ## - SYSTEM CONTROL NUMBER | |
| System control number | (CSt)(Sirsi)a5814639 |
| 040 ## - CATALOGING SOURCE | |
| Original cataloging agency | CSt |
| Transcribing agency | CSt |
| Modifying agency | DLC |
| 042 ## - AUTHENTICATION CODE | |
| Authentication code | lccopycat |
| -- | lcode |
| 043 ## - GEOGRAPHIC AREA CODE | |
| Geographic area code | f-rh--- |
| 050 00 - LIBRARY OF CONGRESS CALL NUMBER | |
| Classification number | ML3503.Z55 |
| Item number | Z56 2003 |
| 300 ## - PHYSICAL DESCRIPTION | |
| Other physical details | ill. ; |
| Dimensions | 21 cm. |
| 100 1# - MAIN ENTRY--PERSONAL NAME | |
| Personal name | Zindi, Fred. |
| 9 (RLIN) | 27457 |
| 245 10 - TITLE STATEMENT | |
| Title | Music workbook : |
| Remainder of title | Zimbabwe versus the world / |
| Statement of responsibility, etc | Fred Zindi. |
| 246 14 - VARYING FORM OF TITLE | |
| Title proper/short title | Pop-music workbook |
| 260 ## - PUBLICATION, DISTRIBUTION, ETC. (IMPRINT) | |
| Place of publication, distribution, etc | Harare, Zimbabwe : |
| Name of publisher, distributor, etc | Zindisc Publications, |
| Date of publication, distribution, etc | 2003. |
| 300 ## - PHYSICAL DESCRIPTION | |
| Extent | 169 p. : |
| 500 ## - GENERAL NOTE | |
| General note | Includes index. |
| 650 #0 - SUBJECT ADDED ENTRY--TOPICAL TERM | |
| Topical term or geographic name as entry element | Music |
| Geographic subdivision | Zimbabwe |
| 9 (RLIN) | 27698 |
| 906 ## - LOCAL DATA ELEMENT F, LDF (RLIN) | |
| a | 7 |
| b | cbc |
| c | copycat |
| d | 3 |
| e | ncip |
| f | 20 |
| g | y-gencatlg |
| 942 ## - ADDED ENTRY ELEMENTS (KOHA) | |
| Source of classification or shelving scheme | Library of Congress Classification |
| Koha item type | Monograph ( Printed materials) |
| Withdrawn status | Lost status | Source of classification or shelving scheme | Damaged status | Not for loan | Collection code | Home library | Current library | Shelving location | Date acquired | Total Checkouts | Full call number | Barcode | Date last seen | Price effective from | Koha item type |
|---|---|---|---|---|---|---|---|---|---|---|---|---|---|---|---|
| Library of Congress Classification | Main Collection | ARRUPE LIBRARY | ARRUPE LIBRARY | Main Collection | 29/11/2016 | ML3503.Z55 Z77 2003 | 46500009477 | 03/07/2018 | 29/11/2016 | Monograph ( Printed materials) |